MARC

LEADER 00000nas a2200000 a 4500
001 ssj0000070185
003 WaSeSS
005 20200512172242.0
006 m d
007 cr n
008 090916c20099999vaumx p s 0 a0eng
010 |a  2009245012 
022 |y 2156-2113 
035 |a (WaSeSS)ssj0000070185 
037 |b National Association of Secondary School Principals, 1904 Association Dr., Reston, VA 20191-1537 
040 |a NcWfSB  |b eng  |c NcWfSB  |d N  |d WaU  |d DLC  |d InU  |d OCLCF  |d MdU  |d OrPU  |d WaSeSS 
042 |a pcc  |a nsdp 
043 |a n-us--- 
050 0 0 |a LB2831.9  |b .P755 
082 1 0 |a 371  |2 14 
222 0 |a Principal leadership 
245 0 0 |a Principal leadership  |h [electronic resource] 
246 1 |i At head of title, <Nov. 2014->:  |a PL 
260 |a Reston, Va. :  |b National Association of Secondary School Principals 
310 |a Nine no. a year 
362 1 |a Began with v. 10, no. 1 (Sept. 2009). 
506 |a License restrictions may limit access. 
580 |a Formed by the union of: Principal leadership (Middle level ed.); and: Principal leadership (High school ed.) 
588 |a Description based : Vol. 10, no.1 (Sept. 2009); title from cover. 
588 |a Latest issue consulted: Vol. 15, no. 3 (Nov. 2014). 
650 0 |a School principals  |z United States  |v Periodicals. 
650 0 |a High school principals  |z United States  |v Periodicals. 
650 0 |a Middle school principals  |z United States  |v Periodicals. 
650 7 |a High school principals.  |2 fast  |0 (OCoLC)fst00956144 
650 7 |a Middle school principals.  |2 fast  |0 (OCoLC)fst01020529 
650 7 |a School principals.  |2 fast  |0 (OCoLC)fst01107681 
651 7 |a United States.  |2 fast  |0 (OCoLC)fst01204155 
655 0 |a Electronic journals. 
710 2 |a National Association of Secondary School Principals (U.S.) 
780 0 4 |t Principal leadership (Middle level ed.)  |x 1529-8957  |w (DLC) 00215085  |w (OCoLC)43932836 
780 0 4 |t Principal leadership (High school ed.)  |x 1538-9251  |w (DLC) 00260156  |w (OCoLC)44998698 
850 |a DLC 
852 |x universal pattern 
853 2 0 |8 1  |a v.  |b no.  |u 9  |v r  |i (year)  |j (month)  |w 9  |x 09  |y om06,07,08 
856 4 0 |z Full text available from Research Library: 05/01/2009 to 03/31/2017  |u https://search.proquest.com/publication/55000 
863 4 1 |8 1.1  |a 10  |b 1  |i 2009  |j 09